Зраджений гетьман (Запис № 17605)
[ простий вигляд ]
| 000 -Маркер запису | |
|---|---|
| Контрольне поле сталої довжини | 01967nam a22002537a 4500 |
| 003 - Належність контрольного номера | |
| Контрольне поле | Uzh_bibl |
| 008 - Кодовані дані | |
| Контрольне поле сталої довжини | 260501b |||||||| |||| 00| 0 ukr d |
| 020 ## - Індекс ISBN | |
| ISBN | 978-617-12-6850-0 |
| Ціна | 155.00 |
| 040 ## - Джерело каталогіз. | |
| Код мови каталог. | укр. |
| 041 ## - Код мови видання | |
| Код мови оригіналу | українська |
| Код мови тексту | українська |
| 080 ## - Індекс УДК | |
| Індекс УДК | 821(477) |
| 090 ## - Шифри | |
| Поличний індекс | 821(477) |
| Авторський знак | Д 26 |
| 100 ## - Автор | |
| Автор | Дегтяренко, Ярослава |
| 245 ## - Назва | |
| Назва | Зраджений гетьман |
| Фізичний носій | Текст |
| 260 ## - Вихідні дані | |
| Місце видання | Харків |
| Видавництво | Книжковий Клуб "Клуб Сімейного Дозвілля" |
| Дата видання | 2019 |
| 300 ## - Фізичний опис | |
| Обсяг | 432 с. |
| Тип одиниці | В опр. |
| 520 ## - Анотація | |
| Анотація | Цар Олексій оголошує Україні війну. Лесько, намагаючись повернути кохання Олесі, дізнається, що вона вийшла заміж за іншого. З розбитим серцем хлопець кидається у вир війни, чекаючи нагоди загинути як справжній воїн. Але, схоже, на нього покладена важлива місія і помирати йому зарано. Тим часом гетьман Виговський шукає союзників, щоб протистояти військовій агресії Московії.<br/><br/>Поки гетьман зайнятий війною, усіма забутий Юрась Хмельниченко, піддавшись на вмовляння свого дядька Якима Сомка, організовує проти Виговського змову. Ситуація в країні стає напруженою. Чим обернеться для України прагнення волі? |
| 521 ## - Примітка про цільове призначення | |
| Примітка про цільове призначення | Для широкого кола читачів |
| 546 ## - Примітка про мову | |
| Примітка про мову | укр. |
| 650 ## - Тематичні рубрики | |
| Основна рубрика | Літературно- художнє видання |
| 653 ## - Ключові слова | |
| Ключові слова | Війна |
| -- | Змова |
| 655 ## - Термін індексування — жанр/форма | |
| Жанр/форма | Сучасна українська проза |
| Типове ділення | Роман |
| 942 ## - ADDED ENTRY ELEMENTS (KOHA) | |
| Джерело класифікації чи схема поличного розташування | |
| Koha item type | Книги |
| Статус вилучення | Статус втрати/відсутності | Джерело класифікації чи схема поличного розташування | Статус пошкодження | Тип обігу (не для випозичання) | Постійне розташування | Поточне розташування | Розташування у відділі | Дата надходження | Інвентарний номер | Total Checkouts | Повний (примірниковий) шифр зберігання | Штрих-код | Date last seen | Дата, для якої чинна ціна заміни | Тип одиниці (рівень примірника) |
|---|---|---|---|---|---|---|---|---|---|---|---|---|---|---|---|
| Бібліотека-філія №3 | Бібліотека-філія №3 | Абонемент старший відділ | 01/05/2026 | 73318 | 821(477) | 4148 | 01/05/2026 | 01/05/2026 | Книги |